• 首页
  • 本馆介绍
  • 公告通知
  • 最新文献
  • 馆藏检索
  • 电子资源
  • 读者导购
  • 参考咨询
  • 我的图书馆
  • 登录
  • 详细信息显示
  • 放入我的书架
  • 预约/预借图书
  • 作者相关作品
  • 分类相关作品
  • 丛书相关作品
  • 出版社相关作品

书目信息

  • 表格格式
  • 工作单格式
  • 卡片格式
题名:
能量果蔬汁
    
 
作者: 萨巴蒂那 主编
分册:  
出版信息: 北京   中国轻工业出版社  2017.09
页数: 189页
开本: 24cm
丛书名: 萨巴厨房
单 册:
中图分类: TS275.54
科图分类:
主题词: 果汁饮料--guo zhi yin liao--制作 , 蔬菜加工--shu cai jia gong--饮料
电子资源:
ISBN: 978-7-5184-1528-1
000 01049nam 2200253 450
001 2381862992
005 20231127132041.37
010    @a978-7-5184-1528-1@dCNY39.80
100    @a20170925d2017 em y0chiy50 ea
101 0  @achi
102    @aCN@b110000
105    @aa z 000yy
200 1  @a能量果蔬汁@Aneng liang guo shu zhi@f萨巴蒂那主编
210    @a北京@c中国轻工业出版社@d2017.09
215    @a189页@c彩图@d24cm
225 2  @a萨巴厨房@Asa ba chu fang
330    @a本书收录了百余道营养美味果蔬汁, 做法简单方便, 一步一图 ; 图示用料, 一目了然 ; 标注各饮品的营养功效和所含热量, 科学实用。翻开本书, 你不仅能获得果蔬汁的做法, 还能了解蔬菜、水果中的营养成分, 学会DIY天然的鲜美果蔬汁, 轻松实现变瘦变美变健康的目标! 每天1杯五彩缤纷的新鲜果蔬汁, 让你充满能量, 每天活力一百分!
410  0 @12001 @a萨巴厨房@Asa ba chu fang
606 0  @a果汁饮料@Aguo zhi yin liao@x制作
606 0  @a蔬菜加工@Ashu cai jia gong@x饮料
690    @aTS275.54@v5
701  0 @a萨巴蒂那@Asa ba di na@4主编
801  0 @aCN@b人天书店@c20170925
905    @aBZT@dTS275.54@e7
    
    能量果蔬汁/萨巴蒂那主编.-北京:中国轻工业出版社,2017.09
    189页:彩图;24cm.-(萨巴厨房)
    
    
    ISBN 978-7-5184-1528-1:CNY39.80
    本书收录了百余道营养美味果蔬汁, 做法简单方便, 一步一图 ; 图示用料, 一目了然 ; 标注各饮品的营养功效和所含热量, 科学实用。翻开本书, 你不仅能获得果蔬汁的做法, 还能了解蔬菜、水果中的营养成分, 学会DIY天然的鲜美果蔬汁, 轻松实现变瘦变美变健康的目标! 每天1杯五彩缤纷的新鲜果蔬汁, 让你充满能量, 每天活力一百分!
●
相关链接 在五车中查询图书 在当当中查询图书 在豆瓣中查询图书


正题名:能量果蔬汁     索取号:TS275.54/7         预约/预借

序号 登录号 条形码 馆藏地/架位号 状态 备注
1 2001121009   2001121009   共建书房-机电学院/ [索取号:TS275.54/7] 在馆    
2 2001121010   2001121010   共建书房-机电学院/ [索取号:TS275.54/7] 在馆    
3 2001121011   2001121011   共建书房-机电学院/ [索取号:TS275.54/7] 在馆    
4 2001121012   2001121012   515书库/ [索取号:TS275.54/7] 在馆    
5 2001121013   2001121013   515书库/ [索取号:TS275.54/7] 在馆    
6 2001121014   2001121014   共建书房-机电学院/ [索取号:TS275.54/7] 在馆    
7 2001121015   2001121015   共建书房-机电学院/ [索取号:TS275.54/7] 在馆    
8 2001121016   2001121016   515书库/ [索取号:TS275.54/7] 在馆    
9 2001121017   2001121017   515书库/ [索取号:TS275.54/7] 在馆    
10 2001121018   2001121018   515书库/ [索取号:TS275.54/7] 在馆    
11 2001121019   2001121019   515书库/ [索取号:TS275.54/7] 在馆    
12 2001121020   2001121020   515书库/ [索取号:TS275.54/7] 在馆    
13 2001121021   2001121021   515书库/ [索取号:TS275.54/7] 在馆    
14 2001121022   2001121022   515书库/ [索取号:TS275.54/7] 在馆    
15 2001121023   2001121023   515书库/ [索取号:TS275.54/7] 在馆    
16 2001130648   2001130648   东辅楼二楼书库/ [索取号:TS275.54/7] 在馆    
17 2001130649   2001130649   东辅楼二楼书库/ [索取号:TS275.54/7] 在馆    
18 2001130650   2001130650   东辅楼二楼书库/ [索取号:TS275.54/7] 在馆    
19 2001130651   2001130651   东辅楼二楼书库/ [索取号:TS275.54/7] 在馆    
20 2001130652   2001130652   东辅楼二楼书库/ [索取号:TS275.54/7] 在馆    
21 2001130653   2001130653   东辅楼二楼书库/ [索取号:TS275.54/7] 在馆    
22 2001130654   2001130654   东辅楼二楼书库/ [索取号:TS275.54/7] 在馆    
23 2001130655   2001130655   东辅楼二楼书库/ [索取号:TS275.54/7] 在馆    
24 2001130656   2001130656   东辅楼二楼书库/ [索取号:TS275.54/7] 在馆    
25 2001130657   2001130657   东辅楼二楼书库/ [索取号:TS275.54/7] 在馆    
26 2001130658   2001130658   东辅楼二楼书库/ [索取号:TS275.54/7] 在馆    
27 2001130659   2001130659   东辅楼二楼书库/ [索取号:TS275.54/7] 在馆    
28 2001130660   2001130660   东辅楼二楼书库/ [索取号:TS275.54/7] 在馆    
29 2001130661   2001130661   东辅楼二楼书库/ [索取号:TS275.54/7] 在馆    
30 2001130662   2001130662   东辅楼二楼书库/ [索取号:TS275.54/7] 在馆    
山东省滨州职业学院图书馆 欢迎您!
大连网信软件有限公司© 版权所有